Minecraft - Tous les Bois et Minerais - Statistiques

Statistiques générales
  • Ce quiz a été pris 384 fois
  • Le résultat moyen est 15 sur 21
Statistiques - réponses
Réponse % Correct
Bois de chêne
98%
Or
92%
Or
92%
Diamant
91%
Fer
91%
Charbon
89%
Bois de bouleau
87%
Émeraude
84%
Redstone
84%
Cuivre
83%
Lapis-lazuli
83%
Débris Antiques
82%
Quartz
79%
Bois de sapin
76%
Bois d'acacia
69%
Bois de chêne noir
67%
Bois de cerisier
51%
Bois d'acajou
37%
Bois de palétuvier
21%
Hyphes carmin
20%
Hyphes biscornues
11%
Aucun quiz correspondant
Distribution des résultats
% des personnes avec chaque résultat
Percentile par nombre de réponses
Votre historique - résultats
Vous n’avez pas pris ce quiz